00990cam a2200217 a 4500999001700000001000800017005001700025008004100042010001700083020001700100050002300117100002400140245011600164260011900280300004100399504006000440600006500500710004500565942003500610952012700645 c18951d18951434551320170114112143.0890308s1989 vtua b 001 0 eng  a 89031663  a0892811560 :00aND 699 .R6D43 19891 aDecter, Jacqueline.10aNicholas Roerich :bthe life and art of a Russian master /cJacqueline Decter with the Nicholas Roerich Museum. aRochester, Vt. :bPark Street Press ;a[New York, NY] :bDisttributed to the book trade by Harper and Row,cc1989. a224 p. :bill. (some col.) ;c28 cm. aIncludes bibliographical references (p. 220) and index.10aRoerich, Nicholas,d1874-1947xCriticism and interpretation.2 aNicholas Roerich Museum (New York, N.Y.) 2lcccBOOKShND 699 .R6D43 1989 00102lcc4070aMUCbMUCcTECHd2017-01-14eDonation (B.F.A)l0oND 699 .R6D43 1989p29573r2018-07-05w2017-01-14yBOOKS